Kinh nghiệm dạy toán và học toán Bậc Trung học cơ sở

में बचाया:
ग्रंथसूची विवरण
मुख्य लेखक: Vũ, Hữu Bình
स्वरूप: पुस्तक
भाषा:Undetermined
प्रकाशित: H. Giáo dục 1998
विषय:
ऑनलाइन पहुंच:http://lrc.tdmu.edu.vn/opac/search/detail.asp?aID=2&ID=6372
टैग : टैग जोड़ें
कोई टैग नहीं, इस रिकॉर्ड को टैग करने वाले पहले व्यक्ति बनें!
Thư viện lưu trữ: Trung tâm Học liệu Trường Đại học Thủ Dầu Một
LEADER 00649nam a2200205Ia 4500
001 TDMU_6372
008 210410s9999 xx 000 0 und d
082 |a 510.71 
090 |b V500 
100 |a Vũ, Hữu Bình 
245 0 |a Kinh nghiệm dạy toán và học toán 
245 0 |b Bậc Trung học cơ sở 
245 0 |c Vũ Hữu Bình 
260 |a H. 
260 |b Giáo dục 
260 |c 1998 
300 |a 132tr. 
650 |a Toán học; Phương pháp dạy toán 
856 |u http://lrc.tdmu.edu.vn/opac/search/detail.asp?aID=2&ID=6372 
980 |a Trung tâm Học liệu Trường Đại học Thủ Dầu Một